000 00463nam a22001697a 4500
003 OSt
008 260416b |||||||| |||| 00| 0 eng d
082 _a589.222
_bC32S
100 _aChaudhary, Sanjay Kumar
245 _aStudies on Production and Management of Oyster Mushroom (Pleurotus spp.)
260 _aPusa, Samastipur
_bRAU, Samastipur
_c2003
300 _a71P.
502 _bMsc.
_d2003
650 _aPlant Pathology
650 _aMsc.
942 _2ddc
_cT
999 _c50054
_d50054